000 00445nam a2200181Ia 4500
003 GCL
008 140319s9999 xx 000 0 eng d
040 _aGCL /
_cGCL
082 0 4 _a611
_bW I
100 1 _aWEIR, J.
245 1 0 _aAN IMAGING ATLAS OF HUMAN ANATOMY /
_cWEIR, J.
700 1 _aABRAHAMS, P. H
260 _a[S.N] :
_bWOLFE PUBLISHING ،
_c1992
300 _a199 P
650 0 4 _aANATOMY
650 0 4 _aRADIOLOGY
942 _2ddc
_cBK
999 _c21241
_d21241